Countries with the highest plantain production - Statistics

General Stats
  • This quiz has been taken 5 times
  • The average score is 8 of 10
Answer Stats
Production in metric tons Answer % Correct
4.660.387 Cameroon
100%
2.478.699 Colombia
100%
4.887.511 Democratic Republic of the Congo
100%
4.819.199 Ghana
100%
2.113.309 Ivory Coast
100%
1.151.333 Dominican Republic
75%
10.440.849 Uganda
75%
1.281.598 Myanmar
50%
3.113.584 Philippines
50%
1.529.919 Sri Lanka
25%
No matching quizzes found
Score Distribution
Percent of People with Each Score
Percentile by Number Answered
Your Score History
You have not taken this quiz